| 000 | 00960naa a22002657a 4500 | ||
|---|---|---|---|
| 001 | BR9301659 | ||
| 003 | BR-BrBNA | ||
| 005 | 20240918181018.0 | ||
| 007 | ta | ||
| 008 | 230509b bl.||||| |||| 00| 0 por d | ||
| 040 |
_aBR-BrBNA _bpor _cBiblioteca Nacional de Agricultura |
||
| 041 | _a(Pt) | ||
| 072 |
_aF30; F01 _b1540 |
||
| 090 | _aF30 BR9301659 | ||
| 100 | 1 | _aConceicao, A.J. da | |
| 245 | 1 | _aEfeito de epocas de plantio X cultivares medias e tardias X epocas de colheita na producao das raizes de mandioca, Manihot esculenta Crantz | |
| 260 | 3 |
_aCruz das Almas, BA (Brasil): _c1977. |
|
| 500 | _aInforme cientifico anual, no. 1 Cruz das Almas, BA (Brasil): 1977. p. 73-75 (BR9301659-AM)F30 | ||
| 650 | _aEpoca de Plantio | ||
| 650 | _aMandioca | ||
| 650 | _aVariedade | ||
| 773 | 0 |
_tInforme cientifico anual, no. 1 _wF30 BR9301659 _gCruz das Almas, BA (Brasil), 1977. p. 73-75 |
|
| 909 |
_a202404 _bLucia _c55 _dLucia Elande |
||
| 942 |
_cAM _2AGRIS |
||
| 999 |
_c323180 _d323180 |
||